000 00808cam a22002537a 4500
003 CHAP
005 20220329140249.0
008 971013s1967 r 00010 d
010 _a49424
011 _a50396
035 _a54546
040 _cCHAP
082 _a631.47
_bV5
100 0 0 _aVilenskii, D. F.
_9119342
245 1 4 _aThe russian school of soil cartography and its influence on the soil cartography of the world
260 _aJerusalem, Israel :
_bProgram for Scientific Translations,
_c1967
300 _a103 p.
_b: ilus. ; gráfs.
590 _aBATCH-UPD
_b10
_c20130110
_lUCH01
_h0422
590 _aCONVERSION
_b10
_c20130109
_lUCH01
_h1327
650 1 4 _aSuelos
_xMapas.
_9110427
901 _aBK
942 _cLIBRO
949 _a631.47 V5
_bBC
_cLIBRO
_d33724000079950
_eLIBRO
_h57161
_i54546
_mD
_si
999 _c49424
_d49424